| 000 | 01580nim a2200349 i 4500 | ||
|---|---|---|---|
| 001 | 197200 | ||
| 003 | ES-MaACL | ||
| 005 | 20250828062556.0 | ||
| 007 | ss lsnjlcipnne | ||
| 008 | 250424s1990 sp nnnn |||| 00| spa d | ||
| 040 |
_bspa _cES-MaACL |
||
| 100 | 0 |
_aGrinberg, León, _d1916-2002 _eaut _960064 |
|
| 245 |
_aLa curiosidad, ¿virtud o transgresión? _h[Grabación sonora] : _bconferencia / _cpor León Grinberg ; presenta Fernando Mansilla |
||
| 260 |
_aMadrid : _bAteneo de Madrid, _c1990. |
||
| 300 |
_a1 casete (ca. 90 min) : _bson ; _c11 cm |
||
| 490 | 1 | _3Actos culturales en el Ateneo de Madrid | |
| 518 | _aGrabado el 30 de mayo de 1990 en el Salón de Actos del Ateneo de Madrid. | ||
| 520 | _aConferencia sobre la curiosidad realizada por León Grinberg, director de la Cátedra de Psicoanálisis del Ateneo de Madrid. Presentada por Fernando Mansilla, presidente de la Sección de Psicología del Ateneo de Madrid. | ||
| 540 | _aDocumento inédito | ||
| 594 | _5Datos basados en la invitación. | ||
| 610 | 2 | 0 |
_aAteneo de Madrid- _xActos culturales- _y1990- _vGrabaciones sonoras _9240083 |
| 650 | 4 |
_916530 _aPsicoanálisis |
|
| 653 | _aArchivo de la palabra | ||
| 655 | 0 |
_aConferencias _9234444 |
|
| 700 | 1 |
_aMansilla, Fernando, _epres _976119 _d1951- |
|
| 710 | 0 |
_91953 _aAteneo de Madrid. _bCátedra de Psicoanálisis _ehis |
|
| 830 | 0 |
_aActos culturales en el Ateneo de Madrid _9240237 |
|
| 852 |
_aES-MaACL _cDEPOZ _9205273 |
||
| 942 |
_2udc _n0 _cCINTASAUD |
||
| 999 |
_c197200 _d197200 |
||